00310nam a22000977a 4500082001500000100002100015245006400036260005400100300000900154490004900163 a541.36 ENE aKondratiev, V.N. aEnergy Exchance in Interactions Between Ions and Molecules/ aLondon:bThe Royal Institute of Chemistry,c1960. a17p; aLectures , Monographs and Reports ,1960 No.3